Une réplique = un film commençant par E - Statistiques

Statistiques générales
  • Ce quiz a été pris 64 fois
  • Le résultat moyen est 3 sur 20
Statistiques - réponses
Réplique(s) Film % Correct
Téléphone maison E.T. l’extra-terrestre
100%
Soyez le premier à vous échapper de la plus immersive des salles et empochez un million de dollars Escape Game
21%
Je revis la même journée en boucle sans arrêt. [Major Bill Cage] Edge of Tomorrow
19%
Un roi sans épée, une terre sans roi. [Lancelot Du Lac] Excalibur
16%
- Puis-je avoir le mot de passe Monsieur ? - Fidelio Eyes Wide Shut
12%
N’ai pas peur. Je vais te donner le choix que je n’ai jamais eu. [Lestat] Entretien avec un vampire
11%
Quand la musique s’arrêtera, ramasse ton fusil et essaie d’me tuer. Essaie… [L'indien] Et pour quelques dollars de plus
11%
Tu ne trouveras jamais le Necronomicon, tu mourras désincarné avant d’avoir trouvé sa cachette. [Ash] Evil Dead (3)
9%
Une espèce qu'on pensait éteint depuis plus de 2 millions d'années... grosse erreur! En Eaux Troubles (The Meg)
7%
Tu es capitaine de bateau de pêche, tu fais le plus beau métier du monde // Il faut rentrer tout de suite, ça nous arrive droit dessus. En pleine tempête
7%
R.A.S : Réactivité, Adaptabilité, souplesse. [Jean-Claude Convenant] Espace détente
7%
Adopter un enfant déjà grand n'est pas une décision facile à prendre Esther
7%
- Qu'est-ce que tu feras quand tu seras grand? - Pasteur je crois. Et toi? - Pêcheur professionnel. Et au milieu coule une rivière
7%
- D'où ils viennent ces gosses là ? C'est des cancres échappés de l'enfer ? [Louanne Johnson] - Nan, mais certains n'ont reçu aucune instruction et les autres, pour parler notre langue, sont des cas sociaux. [Hal Griffith] Esprits Rebelles
4%
On m'a tendu un piège : quelqu'un veut m'enterrer ici mais je vais découvrir qui et je vais découvrir pourquoi. [Ray Breslin] Évasion
4%
Les êtres humains ne sont pas conçus pour fonctionner à l'altitude de croisière d'un 747. Nos corps vont littéralement mourir. Le jeu consiste donc à vous conduire au sommet et à vous menez en bas avant que ça se produise. Everest
4%
Ce qui compte, ce n'est pas la réponse c'est la question Exam
4%
- C'est la naissance de ma fille Cécile. [Valérie] - et le papa ? [une passagère] - il est mort. On dit que c'est les meilleurs qui partent les premiers et ben, pas la. [Valérie] Eyjafjallajokull (sinon dites le volcan)
4%
Bienvenue sur mon blog: une famille formidable. Vous y découvrirez le quotidien d'une famille finlandaise et tout ce qu'il peut y avoir de merveilleux. Ego
2%
La seule façon pour moi de savoir si tout va bien est de jouer à -------- avec une personne amicale. Êtes-vous quelqu'un d'amical ou non? [Allegra] Existenz
2%
Aucun quiz correspondant
Distribution des résultats
% des personnes avec chaque résultat
Percentile par nombre de réponses
Votre historique - résultats
Vous n’avez pas pris ce quiz